000 00488 a2200145 4500
999 _c5298
_d5298
020 _a9780072880717
050 _aQA276.12 BLU 2004
100 _aBluman, Allan G.
_eauthor
245 _aElementary statistics :
_ba step by step approach /
_cAllan G. Bluman.
264 _aBoston :
_b McGraw-Hill,
_c ♭2004.
300 _axxv, 810 pages : illustrations (chiefly color) ; 26 cm + 1 CD-ROM (4 3/4 in.)
500 _aincludes index
650 _aStatistics.
942 _2lcc
_cBK
_h276.12
_iBLU
_kQA